000 00615nam a2200193Ia 4500
003 GCL
008 140319s9999 xx 000 0 ara d
040 _aGCL /
_cGCL
082 0 4 _a852
_bب ق
100 1 _aطه فوزى
245 1 0 _aقواعد المبارزة /
_cطه فوزى
700 1 _aيللو، لويجى بيراند
700 1 _aاحمد سعدالدين
490 _aروائع المسرح العالمى
_v0
650 0 4 _aالادب الايطالى
650 0 4 _aالمسرحيات الايطالية
650 0 4 _aالمسرحيات الايطالية المترجمة
942 _2ddc
_cBK
999 _c42324
_d42324